[Event "Remote email"]
[Site "Remote email"]
[Date "2014.03.23"]
[Round "?"]
[White "Widmer, Bruno"]
[Black "Daniel, Achim"]
[Result "1-0"]
[WhiteElo "1888"]
[BlackElo "1898"]
[PlyCount "55"]
[EventDate "2014.??.??"]
[EventType "tourn (corr)"]
[EventRounds "6"]
[EventCountry "GER"]
[SourceTitle "Corr 2015"]
[Source "ChessBase"]
[SourceDate "2015.07.17"]
[SourceVersion "1"]
[SourceVersionDate "2015.07.17"]
[SourceQuality "1"]

1. e4 e5 2. c4 c5 3. d3 Nc6 4. Nf3 d6 5. Nc3 Be6 6. b3 Nf6 7. Bg5 Be7 8. Bxf6 Bxf6 9. Be2 0-0 10. 0-0 Qd7 11. h3 Nd4 12. Nxd4 cxd4 13. Nd5 Bh4 14. Bg4 Bxg4 15. Qxg4 Qxg4 16. hxg4 Bd8 17. f3 Rc8 18. Kf2 Bg5 19. Rh1 Rfe8 20. Rh3 Kf8 21. Rxh7 f6 22. Kg3 Bh6 23. Nxf6 Red8 24. Rh8+ Kf7 25. Rxd8 Rxd8 26. Nd5 g5 27. Rh1 Rh8 28. a4 1-0

[Event "Remote email"]
[Site "Remote email"]
[Date "2013.10.30"]
[Round "?"]
[White "Widmer, Bruno"]
[Black "Varizerl, Varizerl"]
[Result "0-1"]
[WhiteElo "1898"]
[BlackElo "2047"]
[PlyCount "56"]
[EventDate "2013.??.??"]
[EventType "tourn (corr)"]
[EventRounds "6"]
[EventCountry "GER"]
[SourceTitle "Corr 2015"]
[Source "ChessBase"]
[SourceDate "2015.07.17"]
[SourceVersion "1"]
[SourceVersionDate "2015.07.17"]
[SourceQuality "1"]

1. e4 c5 2. c4 d6 3. d3 Nc6 4. Nf3 Nf6 5. Be2 e5 6. Bg5 Be7 7. Bxf6 Bxf6 8. 0-0 0-0 9. Nc3 Be6 10. a3 a6 11. Qd2 b5 12. b3 Nd4 13. Nxd4 cxd4 14. Nd5 Bxd5 15. cxd5 Bg5 16. Qb4 Rc8 17. Rac1 Bxc1 18. Bg4 Rc2 19. a4 Bd2 20. Qa3 b4 21. Qa1 Qc7 22. a5 Qc3 23. Qa4 Qxd3 24. Bf3 f5 25. Qd7 fxe4 26. Bg4 Be3 27. Be6+ Kh8 28. Bf7 Bxf2+ 0-1

[Event "Remote email"]
[Site "Remote email"]
[Date "2013.04.28"]
[Round "?"]
[White "Widmer, Bruno"]
[Black "Mollenhauer, Michael"]
[Result "0-1"]
[WhiteElo "1898"]
[BlackElo "2000"]
[PlyCount "106"]
[EventDate "2013.??.??"]
[EventType "tourn (corr)"]
[EventRounds "6"]
[EventCountry "GER"]
[SourceTitle "Corr 2015"]
[Source "ChessBase"]
[SourceDate "2015.07.17"]
[SourceVersion "1"]
[SourceVersionDate "2015.07.17"]
[SourceQuality "1"]

1. e4 e5 2. d4 exd4 3. Qxd4 Nc6 4. Qd5 Nf6 5. Bg5 h6 6. Bxf6 Qxf6 7. Bb5 Nb4 8. Qb3 Bc5 9. Nf3 c6 10. Bc4 b5 11. Bd3 Nxd3+ 12. Qxd3 d6 13. 0-0 0-0 14. c3 Bg4 15. Nbd2 Rfe8 16. Rae1 Re7 17. Nh4 Qxh4 18. b4 Bb6 19. Qxd6 Rd8 20. Qf4 Bc7 21. Nf3 Bxf4 22. Nxh4 Rd2 23. f3 Be6 24. a3 Ra2 25. g3 Be5 26. Nf5 Bxf5 27. exf5 Bf6 28. Rd1 Rxa3 29. Rf2 Rxc3 30. h4 Rc4 31. Rh2 Rxb4 32. g4 Re3 33. g5 hxg5 34. hxg5 Bxg5 35. Rh5 Bf6 36. Kf2 Rbb3 37. Rh3 c5 38. Rdh1 Kf8 39. Rd1 Bd4 40. Kg2 a5 41. Rf1 f6 42. Kg3 a4 43. Kg4 a3 44. Rh8+ Kf7 45. Ra8 Re8 46. Ra7+ Re7 47. Ra6 g6 48. fxg6+ Kxg6 49. Rh1 Rh7 50. Re1 b4 51. Ree6 Re3 52. Rec6 Re2 53. Kg3 a2 0-1

[Event "Remote email"]
[Site "Remote email"]
[Date "2013.04.25"]
[Round "?"]
[White "Trachsel, Ueli"]
[Black "Widmer, Bruno"]
[Result "0-1"]
[WhiteElo "1488"]
[BlackElo "1916"]
[PlyCount "92"]
[EventDate "2013.??.??"]
[EventType "tourn (corr)"]
[EventRounds "6"]
[EventCountry "GER"]
[SourceTitle "Corr 2015"]
[Source "ChessBase"]
[SourceDate "2015.07.17"]
[SourceVersion "1"]
[SourceVersionDate "2015.07.17"]
[SourceQuality "1"]

1. d4 d5 2. e3 Bd7 3. Nf3 c5 4. dxc5 Qa5+ 5. Bd2 Qxc5 6. Bd3 Bb5 7. 0-0 Bxd3 8. cxd3 Qb5 9. Nc3 Qxd3 10. Ne5 Qf5 11. Nxd5 Qxe5 12. Bc3 Qd6 13. Bb4 Qc6 14. Rc1 Qd7 15. Rc7 Qd8 16. Qa4+ Nd7 17. Rxb7 Ngf6 18. Nc7+ Qxc7 19. Rxc7 Kd8 20. Ba5 Ke8 21. Rfc1 e5 22. Rc8+ Rxc8 23. Rxc8+ Ke7 24. Rxf8 Kxf8 25. Qa3+ Ke8 26. Qb3 Ke7 27. Qb7 Rb8 28. Qxb8 Nxb8 29. b4 Nc6 30. Bc7 Kd7 31. Bb8 Nxb8 32. a4 Kc6 33. b5+ Kb6 34. f4 exf4 35. g3 fxe3 36. Kf1 Ka5 37. h3 Kxa4 38. g4 Kxb5 39. g5 Nd5 40. Ke2 a5 41. h4 a4 42. Kf3 a3 43. Ke4 Kc4 44. Ke5 e2 45. Kd6 e1Q 46. h5 Qe7# 0-1

[Event "Remote email"]
[Site "Remote email"]
[Date "2013.04.23"]
[Round "?"]
[White "Moritz, Sven"]
[Black "Widmer, Bruno"]
[Result "1-0"]
[WhiteElo "1927"]
[BlackElo "1898"]
[PlyCount "133"]
[EventDate "2013.??.??"]
[EventType "tourn (corr)"]
[EventRounds "6"]
[EventCountry "GER"]
[SourceTitle "Corr 2015"]
[Source "ChessBase"]
[SourceDate "2015.07.17"]
[SourceVersion "1"]
[SourceVersionDate "2015.07.17"]
[SourceQuality "1"]

1. d4 d5 2. Nf3 Nf6 3. e3 Bg4 4. Be2 Bxf3 5. Bxf3 e6 6. 0-0 Qd6 7. c4 c5 8. cxd5 exd5 9. dxc5 Qxc5 10. b3 Qd6 11. Ba3 Qe5 12. Qc2 Nc6 13. Bxf8 Rxf8 14. Qd2 Rd8 15. Nc3 d4 16. Bxc6+ bxc6 17. exd4 Rxd4 18. Qc2 c5 19. Rfe1 Ne4 20. Nxe4 Kd8 21. Qxc5 Qxc5 22. Nxc5 Kc7 23. Rac1 Kb8 24. Rcd1 Rxd1 25. Rxd1 Re8 26. Kf1 Kc7 27. f3 Kc6 28. Ne4 f5 29. Nd6 Rd8 30. Rc1+ Kxd6 31. Rd1+ Kc7 32. Rxd8 Kxd8 33. Ke2 Kc7 34. Kd3 Kd6 35. Kd4 a6 36. f4 h6 37. b4 g6 38. a4 g5 39. b5 a5 40. b6 Kc6 41. b7 Kxb7 42. Ke5 Kb6 43. Kxf5 gxf4 44. Kxf4 Kc5 45. Ke5 Kb4 46. Kd4 Kxa4 47. Kc4 Ka3 48. Kc3 Ka2 49. g4 a4 50. h4 Kb1 51. Kb4 Kb2 52. Kxa4 Kc3 53. g5 hxg5 54. hxg5 Kd4 55. g6 Ke5 56. g7 Kf6 57. g8Q Ke5 58. Kb4 Kf4 59. Qe6 Kf3 60. Kc4 Kf4 61. Kd4 Kf3 62. Qe4+ Kf2 63. Kd3 Kg3 64. Ke3 Kh2 65. Qg4 Kh1 66. Kf2 Kh2 67. Qh4# 1-0

[Event "Remote email"]
[Site "Remote email"]
[Date "2013.04.21"]
[Round "?"]
[White "Schroers, Uwe"]
[Black "Widmer, Bruno"]
[Result "1-0"]
[WhiteElo "2000"]
[BlackElo "1898"]
[PlyCount "83"]
[EventDate "2013.??.??"]
[EventType "tourn (corr)"]
[EventRounds "6"]
[EventCountry "GER"]
[SourceTitle "Corr 2015"]
[Source "ChessBase"]
[SourceDate "2015.07.17"]
[SourceVersion "1"]
[SourceVersionDate "2015.07.17"]
[SourceQuality "1"]

1. e4 e5 2. Nf3 Nc6 3. Bb5 Nd4 4. Nxd4 exd4 5. 0-0 Qg5 6. Bc4 Bc5 7. d3 Qh4 8. Nd2 d6 9. c3 Be6 10. Bxe6 fxe6 11. Qb3 0-0-0 12. Nf3 Qe7 13. Bg5 Nf6 14. cxd4 Bb6 15. e5 dxe5 16. dxe5 h6 17. exf6 gxf6 18. Be3 Bxe3 19. fxe3 Rhg8 20. Rac1 Rde8 21. Nd4 c5 22. Qc4 Qg7 23. Qxc5+ Kb8 24. Rf2 Rc8 25. Qd6+ Ka8 26. Rxc8+ Rxc8 27. Nxe6 Qf7 28. Rc2 Qe8 29. Rxc8+ Qxc8 30. Qc7 Qxc7 31. Nxc7+ Kb8 32. Nd5 f5 33. Ne7 Kc7 34. Nxf5 h5 35. Kf2 a5 36. Kg3 Kc6 37. Kh4 b5 38. Kxh5 Kc5 39. g4 b4 40. b3 a4 41. g5 Kb5 42. g6 1-0

[Event "Remote email"]
[Site "Remote email"]
[Date "2013.03.31"]
[Round "?"]
[White "Muster, Wolfgang"]
[Black "Widmer, Bruno"]
[Result "1-0"]
[WhiteElo "2334"]
[BlackElo "1916"]
[PlyCount "45"]
[EventDate "2013.??.??"]
[EventType "tourn (corr)"]
[EventRounds "6"]
[EventCountry "GER"]
[SourceTitle "Corr 2015"]
[Source "ChessBase"]
[SourceDate "2015.07.17"]
[SourceVersion "1"]
[SourceVersionDate "2015.07.17"]
[SourceQuality "1"]

1. d4 d5 2. c4 dxc4 3. e3 b5 4. a4 Bd7 5. axb5 Bxb5 6. Nc3 a6 7. Nxb5 c6 8. Nc3 e6 9. Bxc4 Bb4 10. Bd2 Bxc3 11. Bxc3 Nf6 12. Nf3 0-0 13. 0-0 h6 14. Ne5 Qd6 15. Ra4 Re8 16. Qf3 Ra7 17. Bd3 c5 18. dxc5 Qxc5 19. Rh4 Qe7 20. Ng4 Nd5 21. Nxh6+ Kh8 22. Nxf7+ Kg8 23. Rh8# 1-0

[Event "Remote email"]
[Site "Remote email"]
[Date "2013.01.03"]
[Round "?"]
[White "Schmidt, Torsten"]
[Black "Widmer, Bruno"]
[Result "1-0"]
[WhiteElo "2215"]
[BlackElo "1908"]
[PlyCount "59"]
[EventDate "2013.??.??"]
[EventType "tourn (corr)"]
[EventRounds "6"]
[EventCountry "GER"]
[SourceTitle "Corr 2015"]
[Source "ChessBase"]
[SourceDate "2015.07.17"]
[SourceVersion "1"]
[SourceVersionDate "2015.07.17"]
[SourceQuality "1"]

1. e4 e5 2. Nf3 d6 3. d4 d5 4. dxe5 dxe4 5. Qxd8+ Kxd8 6. Ng5 Nh6 7. Nxe4 Bf5 8. Bd3 Ng4 9. f4 Nc6 10. h3 Nh6 11. g4 Bxe4 12. Bxe4 Kd7 13. Be3 b6 14. Ke2 Nb4 15. Rd1+ Ke8 16. c3 Rc8 17. cxb4 Bxb4 18. a3 Be7 19. Bc6+ Kf8 20. Nc3 g6 21. f5 Ng8 22. e6 f6 23. Nd5 gxf5 24. Nxe7 Nxe7 25. Bh6+ Kg8 26. gxf5 Ng6 27. Rd7 Nf4+ 28. Bxf4 h6 29. Rg1+ Kf8 30. Rf7# 1-0

[Event "Remote email"]
[Site "Remote email"]
[Date "2012.12.19"]
[Round "?"]
[White "Widmer, Bruno"]
[Black "Klein, Werner"]
[Result "0-1"]
[WhiteElo "1908"]
[BlackElo "1778"]
[PlyCount "80"]
[EventDate "2012.??.??"]
[EventType "tourn (corr)"]
[EventRounds "6"]
[EventCountry "GER"]
[SourceTitle "Corr 2015"]
[Source "ChessBase"]
[SourceDate "2015.07.17"]
[SourceVersion "1"]
[SourceVersionDate "2015.07.17"]
[SourceQuality "1"]

1. d4 e6 2. e4 d5 3. e5 c5 4. c3 Bd7 5. Nf3 cxd4 6. cxd4 f5 7. Nc3 Bb4 8. Bd2 Nc6 9. Bd3 Nge7 10. 0-0 0-0 11. Nb5 Bxd2 12. Qxd2 a6 13. Nd6 Rb8 14. Rac1 Nc8 15. b4 Nxd6 16. exd6 Be8 17. Qg5 Nxb4 18. Bb1 Qxd6 19. a3 Nc6 20. Rc3 b5 21. Bd3 a5 22. Rc5 b4 23. a4 Ra8 24. Rb1 Rf6 25. g3 Nxd4 26. Nxd4 Qxc5 27. Nxe6 Rxe6 28. Bxf5 Qe7 29. Qd2 Re5 30. Bc2 Bc6 31. Bb3 Rd8 32. Qd4 Kh8 33. Kf1 Re8 34. Qd2 Bb7 35. h3 Ba6+ 36. Kg2 Re2 37. Qxd5 Bb7 38. Qxb7 Qxb7+ 39. Kh2 Rxf2+ 40. Kg1 Qg2# 0-1

[Event "Remote email"]
[Site "Remote email"]
[Date "2012.11.28"]
[Round "?"]
[White "Grimm, Wolfgang"]
[Black "Widmer, Bruno"]
[Result "1-0"]
[WhiteElo "1990"]
[BlackElo "1916"]
[PlyCount "77"]
[EventDate "2012.??.??"]
[EventType "tourn (corr)"]
[EventRounds "6"]
[EventCountry "GER"]
[SourceTitle "Corr 2015"]
[Source "ChessBase"]
[SourceDate "2015.07.17"]
[SourceVersion "1"]
[SourceVersionDate "2015.07.17"]
[SourceQuality "1"]

1. g3 b6 2. Nf3 d5 3. e3 Bg4 4. Nc3 c6 5. h3 Bxf3 6. Qxf3 e6 7. Be2 Bb4 8. 0-0 Bxc3 9. dxc3 Nf6 10. c4 0-0 11. cxd5 cxd5 12. c4 Nc6 13. Rd1 Ne4 14. cxd5 exd5 15. Qg4 Nf6 16. Qf4 a6 17. b3 Re8 18. Bb2 Re4 19. Bxf6 Qxf6 20. Qxf6 gxf6 21. Rxd5 Re6 22. Rc1 Nb4 23. Rd4 Nc6 24. Rg4+ Kf8 25. Bf3 Rc8 26. Rgc4 Kg7 27. Bg4 Ne7 28. Bxe6 Rxc4 29. Bxc4 b5 30. Bd3 Nd5 31. a3 h6 32. Rc6 h5 33. Rxa6 Nc7 34. Rc6 Ne6 35. Rxe6 fxe6 36. Bxb5 Kf7 37. f4 f5 38. Be2 Kg6 39. a4 1-0